| 000 | 00631nam a2200193Ia 4500 | ||
|---|---|---|---|
| 003 | GCL | ||
| 008 | 140319s9999 xx 000 0 ara d | ||
| 040 |
_aGCL / _cGCL |
||
| 082 | 0 | 4 |
_a364.133 _bم ب |
| 100 | 1 | _aمحمد رضوان هلال | |
| 245 | 1 | 0 |
_aبحوث واراء جديدة فى مجال كشف التزييف والتزوير / _cمحمد رضوان هلال |
| 300 | _a245 ص | ||
| 490 |
_aالهيئة العامة للاستعلامات _v0 |
||
| 650 | 0 | 4 | _aجرائم التزوير |
| 650 | 0 | 4 | _aالتزوير |
| 650 | 0 | 4 | _aتزييف النقود |
| 650 | 0 | 4 | _aالنقود - تزوير |
| 942 |
_2ddc _cBK |
||
| 999 |
_c47760 _d47760 |
||